| 000 | 00381pab a2200157 454500 | ||
|---|---|---|---|
| 008 | 180718b2008 xxu||||| |||| 00| 0 eng d | ||
| 100 | _aChakravarty, B. | ||
| 245 | _aTraditional and modern health care services in tribal areas | ||
| 260 | _c2008 | ||
| 300 | _ap.59-62. | ||
| 362 | _aOct | ||
| 650 | _aHealth services | ||
| 773 | _aKurukshetra | ||
| 908 | _aN | ||
| 909 | _a79951 | ||
| 999 |
_c79951 _d79951 |
||